Lực lượng Mỹ và liên quân tham gia chiến tranh vùng Vịnh Luận văn tốt nghiệp Đại học Sư phạm ngành Sử Khóa 14
সংরক্ষণ করুন:
| প্রধান লেখক: | |
|---|---|
| বিন্যাস: | গ্রন্থ |
| ভাষা: | Undetermined |
| প্রকাশিত: |
Cần Thơ
Trường Đại học Cần Thơ, Khoa Sư phạm, Bộ môn Sử
1992
|
| ট্যাগগুলো: |
ট্যাগ যুক্ত করুন
কোনো ট্যাগ নেই, প্রথমজন হিসাবে ট্যাগ করুন!
|
| Thư viện lưu trữ: | Trung tâm Học liệu Trường Đại học Cần Thơ |
|---|
| LEADER | 00700nam a2200181Ia 4500 | ||
|---|---|---|---|
| 001 | CTU_26936 | ||
| 008 | 210402s9999 xx 000 0 und d | ||
| 082 | |a 956.7 | ||
| 082 | |b H116/1992 | ||
| 100 | |a Lê Thị Hằng | ||
| 245 | 0 | |a Lực lượng Mỹ và liên quân tham gia chiến tranh vùng Vịnh | |
| 245 | 0 | |b Luận văn tốt nghiệp Đại học Sư phạm ngành Sử Khóa 14 | |
| 245 | 0 | |c Lê Thị Hằng | |
| 260 | |a Cần Thơ | ||
| 260 | |b Trường Đại học Cần Thơ, Khoa Sư phạm, Bộ môn Sử | ||
| 260 | |c 1992 | ||
| 904 | |i Nguyễn Quang Điền, 981022 | ||
| 980 | |a Trung tâm Học liệu Trường Đại học Cần Thơ | ||